Alle Charaktere in Mario Kart World - Statistiken

Allgemein
  • Dieses Quiz wurde 128 mal gespielt
    38 seit der letzten Aktualisierung
  • Das Durchschnittsergebnis liegt bei 26 aus 50
Antwortstatistiken
Charakter % Korrekt
Luigi
100%
Mario
100%
Peach
97%
Bowser
94%
Rosalina
94%
Wario
94%
Baby Peach
91%
Baby Luigi
88%
Donkey Kong
88%
Toad
88%
Baby Mario
84%
Baby Rosalina
84%
Daisy
84%
Yoshi
81%
Baby Daisy
78%
Bowser Jr.
78%
Waluigi
78%
Knochentrocken
69%
Koopa
66%
Toadette
66%
Gumba
63%
Kuh
59%
Shy Guy
59%
Buu Huu
56%
Birdo
53%
Lakitu
44%
Pauline
44%
Pinguin
44%
Cheep Cheep
41%
Monty Maulwurf
38%
Spike
38%
Delfin
34%
Schneemann
31%
Wiggler
31%
Hammer-Bruder
28%
Flappflapp
25%
Palma
25%
Krabbe
22%
Krötsus
22%
Piranha-Pflanze
22%
Football Chuck
19%
Mopsie
19%
Pickondor
19%
Pokey
19%
Rocky Schraubenschlüssel
19%
Skelettfisch
19%
Parapünktchen
16%
Spukmatz
16%
Summser
16%
Kataquax
6%
Keine übereinstimmenden Quizze gefunden
Verteilung der Resultate
Anzahl Personen mit jedem Resultat
Perzentil nach korrekt beantworteten Fragen
Ihre Resultats-Entwicklung
Sie haben dieses Quiz seit der letzten Aktualisierung nicht gespielt